000 00439nam a22001697a 4500
003 NUST - PNEC
005 20170116180931.0
008 150906b xxu||||| |||| 00| 0 eng d
020 _a058208802X
040 _cLIBRARY
082 _a621.3815 BOL
100 _98305
_aBolton, W. (William)
245 _aElectrical circuit principles.
_cW. Bolton
260 _cc.1992
650 _98306
_aElectronic circuit design
_xEL
942 _2ddc
_cBK
999 _c65934
_d65934